000 00510nam a2200181Ia 4500
999 _c28127
_d28127
003 OSt
005 20201123094519.0
008 190216s9999||||xx |||||||||||||| ||und||
020 _a9788171808274
040 _coclc
082 _a894.8123
_bDOS/K
100 _aDostoyevsky, Fydor
_96152
245 0 _aKaranavarude Kinavu /
_cFydor Dostoyevsky
260 _bPoorna Pubs,
_c2000.
_aKozhikode:
300 _a148p
650 _aNovel
942 _cBK
_2ddc
_h894.8123
_iDOS/K
_k894.8123
_mDOS/K